<?xml version="1.0" encoding="UTF-8"?>
<record
    xmlns:xsi="http://www.w3.org/2001/XMLSchema-instance"
    xsi:schemaLocation="http://www.loc.gov/MARC21/slim http://www.loc.gov/standards/marcxml/schema/MARC21slim.xsd"
    xmlns="http://www.loc.gov/MARC21/slim">

  <leader>00799nab a2200229 uc4500</leader>
  <controlfield tag="001">825507</controlfield>
  <controlfield tag="005">20240724090342.0</controlfield>
  <controlfield tag="008">030609s2001                        spa  </controlfield>
  <datafield tag="035" ind1=" " ind2=" ">
    <subfield code="a">825507</subfield>
  </datafield>
  <datafield tag="035" ind1=" " ind2=" ">
    <subfield code="a">(OCoLC)820029709</subfield>
  </datafield>
  <datafield tag="040" ind1=" " ind2=" ">
    <subfield code="c">comduadb</subfield>
  </datafield>
  <datafield tag="041" ind1=" " ind2=" ">
    <subfield code="a">spa</subfield>
  </datafield>
  <datafield tag="100" ind1="1" ind2="0">
    <subfield code="a">Cruz de Jesus, David</subfield>
    <subfield code="4">aut</subfield>
    <subfield code="e">aut</subfield>
    <subfield code="9">379051</subfield>
  </datafield>
  <datafield tag="245" ind1="1" ind2="3">
    <subfield code="a">La documentaci&#xF3;n  y difusi&#xF3;n del elemento ind&#xED;gena encontrado en los textos cron&#xED;sticos de Puerto Rico</subfield>
  </datafield>
  <datafield tag="650" ind1=" " ind2=" ">
    <subfield code="a">Indigenismo - Puerto Rico</subfield>
    <subfield code="9">3123</subfield>
  </datafield>
  <datafield tag="650" ind1=" " ind2=" ">
    <subfield code="a">Cr&#xF3;nicas de Indias</subfield>
    <subfield code="9">11528</subfield>
  </datafield>
  <datafield tag="650" ind1=" " ind2=" ">
    <subfield code="a">L&#xE9;xico</subfield>
    <subfield code="9">87337</subfield>
  </datafield>
  <datafield tag="650" ind1=" " ind2=" ">
    <subfield code="a">Documentos hist&#xF3;ricos</subfield>
    <subfield code="9">36941</subfield>
  </datafield>
  <datafield tag="650" ind1=" " ind2="7">
    <subfield code="a">Lenguas ind&#xED;genas</subfield>
    <subfield code="2">lemb</subfield>
    <subfield code="9">29400</subfield>
  </datafield>
  <datafield tag="773" ind1="0" ind2=" ">
    <subfield code="t">Revista de Estudios Hisp&#xE1;nicos (San Juan)</subfield>
    <subfield code="g">Vol. 28, No. 01-02, 2001, p. 363-388</subfield>
    <subfield code="w">315367</subfield>
    <subfield code="x">0378-7974</subfield>
    <subfield code="0">105446</subfield>
  </datafield>
  <datafield tag="942" ind1=" " ind2=" ">
    <subfield code="c">ARIMP</subfield>
  </datafield>
  <datafield tag="999" ind1=" " ind2=" ">
    <subfield code="c">282674</subfield>
    <subfield code="d">282674</subfield>
  </datafield>
</record>
